000 00286nam a22001217a 4500
999 _c167828
_d167828
082 _aM301
_bKOV/M
100 _aKovilan
245 _aMalayalathinte suvarnakathakal/
_cby Kovilan.
260 _a
_b
_c
650 _aLiterature Malayalam
_vStories
650 _aLiterature
942 _cBK